• 首页
  • 本馆介绍
  • 公告通知
  • 最新文献
  • 馆藏检索
  • 电子资源
  • 读者导购
  • 参考咨询
  • 我的图书馆
  • 登录
  • 详细信息显示
  • 放入我的书架
  • 预约/预借图书
  • 作者相关作品
  • 分类相关作品
  • 丛书相关作品
  • 出版社相关作品

书目信息

  • 表格格式
  • 工作单格式
  • 卡片格式
题名:
特殊函数及其应用
    
 
作者: H.H.列别捷夫 著
分册:  
出版信息: 长沙   中南工业大学出版社  1957
页数: 346页
开本: 19cm
丛书名:
单 册:
中图分类: O174.6
科图分类:
主题词: 特殊函数
电子资源:
ISBN:
000 00647nam0 2200229 45
001 0186010922
005 20070710083803.98
010    @dCNY1.70
091    @aCN@b13010.376
100    @a19900818d1957 em y0chiy0121 ea
101 0  @achi
102    @aCN@b430000
105    @ay z 000yy
200 10 @a特殊函数及其应用@Ate shu han shu ji qi ying yong@fH.H.列别捷夫著@FH.H.lie bie jie fu zhu
210    @a长沙@c中南工业大学出版社@d1957@h1958
215    @a346页@d19cm
606    @a特殊函数
690    @aO174.6@v3
701  0 @aH.H.列别捷夫@AH.H.lie bie jie fu@4著
801  2 @aCN@bNLC@c20070710
801  0 @aCN@bTSSF
905    @a10447@dO174.6@e186
    
    特殊函数及其应用/H.H.列别捷夫著.-长沙:中南工业大学出版社,1957(1958)
    346页;19cm
    
    
    ISBN :CNY1.70
    
●
相关链接 在E读中查询图书 在五车中查询图书 在当当中查询图书 在豆瓣中查询图书


正题名:特殊函数及其应用     索取号:O174.6/186         预约/预借

序号 登录号 条形码 馆藏地/架位号 状态 备注
1 0765676   207656767   第二样本阅览室/ [索取号:O174.6/186] 在馆    
唐山师范学院图书馆 欢迎您!
大连网信软件有限公司© 版权所有